000
00342nam a2200145Ia 4500
008
090123s9999 xx 000 0 und d
082
_b
25640
245
_a
भन्जा
250
_a
0
260
_b
राज पॉकेट बुक्स
300
_a
64
630
_a
भन्जा
730
_a
भन्जा
942
_c
BOOK
999
_c
63711
_d
63711